00379nam a2200157Ia 4500008004100000020001500041082001500056100001600071245003300087250000800120260002500128300001200153500002400165650001500189700001700204230524s9999 xx 000 0 und d a0070435898 a621.3bKOT aD P Kothari 0aBasic Electrical Engineering a2ND aNEW DELHIbTMHc2004 aXVI;667 aQuantity Number: 9 aElectrical a I.J.Nagrath